01200 2200337 4500001002100000005001500021035002000036007000300056008004100059020002200100040002200122082001800144084002000162090002200182100003900204245018000243250003200423300004100455650004400496700003300540700002100573700002800594850001200622264007800634336002100712337003000733338002300763999002200786504003400808990002000842INLIS00000000086401520221004105134 a0010-0821000714ta210824s2019 jkia g ind d a978-979-15758-7-4 aYOPDYOGbinderda04223a303.48402 a303.48402 YOS m aCB-D.11 2022-05470 aYosephine Dian Indraswariepenulis10aMendorong perjumpaan merawat keragaman :b18 catatan inspiratif dari tahun kedua CONVEY Indonesia /cYosephine Dian Indraswari; penyunting, Utami Sandyarani, Dani, Dita Kirana aCetakan pertama, April 2019 axiii, 138 halaman :bgambar ;c23 cm 4aRadikal dan radikalisme--vBunga rampai0 aUtami Sandyaraniepenyunting aDaniepenyunting0 aDita Kiranaepenyunting aYOPDYOG31aSleman :bPusat Pengkajian Islam dan Masyarakat (PPIM) UIN Jakarta,c2019 2rdacontentateks 2rdamediaatanpa perantara 2rdacarrieravolume aCB-D.11/2022-0547 aBibliografi : halaman 149-153 a67733-PD/A.2021